First Property Growth Partnership LP v Royal and Sun Alliance Property Services Ltd (Record no. 72328)
[ view plain ]
| 000 -LEADER | |
|---|---|
| fixed length control field | 01503cam a2200229 4500 |
| 001 - CONTROL NUMBER | |
| control field | ABS66538 |
| 008 - FIXED-LENGTH DATA ELEMENTS--GENERAL INFORMATION | |
| fixed length control field | 030320n2003 000 0 eng u |
| 035 ## - SYSTEM CONTROL NUMBER | |
| System control number | (Sirsi) u121704 |
| 245 ## - TITLE STATEMENT | |
| Title | First Property Growth Partnership LP v Royal and Sun Alliance Property Services Ltd |
| 260 ## - PUBLICATION, DISTRIBUTION, ETC. | |
| Date of publication, distribution, etc. | 2003 |
| 490 ## - SERIES STATEMENT | |
| Series statement | Estates Gazette |
| Volume/sequential designation | [2003] 04 EG 156-159(4) |
| 520 ## - SUMMARY, ETC. | |
| Summary, etc. | [2002] EWCA Civ 1687, 27 November 2002. Appeal by respondent landlord (F) over construction of rent review provisions in cl4 of the lease. CA upheld HC's interpretation of the lease declaring that a notice given under cl4(b) may be given at any time during but not more than 12 months before the expiration of each or any of the following year of the term. That is to say every fifth year thereof but not at any other time. Time is of the essence for the service of the notice. Appeal dismissed. View judgment at www.courtservice.gov.uk |
| 590 ## - LOCAL NOTE (RLIN) | |
| Local note | ABS |
| 650 ## - SUBJECT ADDED ENTRY--TOPICAL TERM | |
| Topical term or geographic name entry element | FIRST PROPERTY GROWTH PARTNERSHIP LP V ROYAL AND SUN ALLIANCE PROPERTY SERVICES LTD |
| 650 ## - SUBJECT ADDED ENTRY--TOPICAL TERM | |
| Topical term or geographic name entry element | RENT REVIEWS |
| 650 ## - SUBJECT ADDED ENTRY--TOPICAL TERM | |
| Topical term or geographic name entry element | TRIGGER NOTICE |
| 650 ## - SUBJECT ADDED ENTRY--TOPICAL TERM | |
| Topical term or geographic name entry element | TIME OF THE ESSENCE |
| 650 ## - SUBJECT ADDED ENTRY--TOPICAL TERM | |
| Topical term or geographic name entry element | NOTICES |
| 690 ## - LOCAL SUBJECT ADDED ENTRY--TOPICAL TERM (OCLC, RLIN) | |
| Topical term or geographic name as entry element | LANDLORD AND TENANT-RENT REVIEWS-CASE LAW |
| 856 ## - ELECTRONIC LOCATION AND ACCESS | |
| Uniform Resource Identifier | <a href="https://www.bailii.org/cgi-bin/markup.cgi?doc=/ew/cases/EWCA/Civ/2002/1687.html&query=First+and+Property+and+Growth+and+Partnership+and+LP+and+v+and+Royal+and+Sun+and+Alliance+and+Property+and+Services+and+Ltd&method=boolean">https://www.bailii.org/cgi-bin/markup.cgi?doc=/ew/cases/EWCA/Civ/2002/1687.html&query=First+and+Property+and+Growth+and+Partnership+and+LP+and+v+and+Royal+and+Sun+and+Alliance+and+Property+and+Services+and+Ltd&method=boolean</a> |
| Public note | View the judgment free of charge at www.bailii.org |
| 942 ## - ADDED ENTRY ELEMENTS (KOHA) | |
| Suppress in OPAC | 0 |
| Withdrawn status | Lost status | Source of classification or shelving scheme | Damaged status | Not for loan | Home library | Current library | Shelving location | Date acquired | Total Checkouts | Full call number | Barcode | Date last seen | Copy number | Price effective from | Koha item type |
|---|---|---|---|---|---|---|---|---|---|---|---|---|---|---|---|
| Dewey Decimal Classification | London | London | Journal article | 20/03/2003 | ABS66538 | 121704-1001 | 06/08/2019 | 1 | 06/08/2019 | Law report |